गीली पांक / (Record no. 114699)
[ view plain ]
| 000 -LEADER | |
|---|---|
| fixed length control field | 01064nam a22002777a 4500 |
| 003 - CONTROL NUMBER IDENTIFIER | |
| control field | dpl |
| 005 - DATE AND TIME OF LATEST TRANSACTION | |
| control field | 20190308140015.0 |
| 008 - FIXED-LENGTH DATA ELEMENTS--GENERAL INFORMATION | |
| fixed length control field | 190308b ||||| |||| 00| 0 eng d |
| 010 ## - LIBRARY OF CONGRESS CONTROL NUMBER | |
| LC control number | A-716826 |
| 020 ## - INTERNATIONAL STANDARD BOOK NUMBER | |
| Terms of availability | 80.00 |
| International Standard Book Number | 8186311076 |
| 035 ## - SYSTEM CONTROL NUMBER | |
| System control number | A-716826, A-716853 |
| 037 ## - SOURCE OF ACQUISITION | |
| Source of stock number/acquisition | Cen Lib/Ret |
| 040 ## - CATALOGING SOURCE | |
| Original cataloging agency | DPL |
| Language of cataloging | HN |
| Transcribing agency | 0 |
| 082 ## - DEWEY DECIMAL CLASSIFICATION NUMBER | |
| Classification number | क |
| Item number | खानउ |
| 100 ## - MAIN ENTRY--PERSONAL NAME | |
| Personal name | खान, उषाकिरण |
| 9 (RLIN) | 43761 |
| 245 ## - TITLE STATEMENT | |
| Title | गीली पांक / |
| Statement of responsibility, etc | उषाकिरण खान |
| 246 ## - VARYING FORM OF TITLE | |
| Title proper/short title | Geeli paank / |
| Remainder of title | by Ushakiran Khan |
| 260 ## - PUBLICATION, DISTRIBUTION, ETC. (IMPRINT) | |
| Place of publication, distribution, etc | नई दिल्ली |
| Name of publisher, distributor, etc | प्रकाशन संस्थान |
| Date of publication, distribution, etc | 1995 |
| 270 ## - ADDRESS | |
| City | नई दिल्ली |
| Address | 4715/21, दयानन्द मार्ग, दरियागंज |
| Postal code | 110002 |
| 300 ## - PHYSICAL DESCRIPTION | |
| Extent | 121पृ. |
| Dimensions | 20सेमी (सजिल्द) |
| 650 ## - SUBJECT ADDED ENTRY--TOPICAL TERM | |
| Topical term or geographic name as entry element | हिन्दी -- साहित्य |
| 9 (RLIN) | 57954 |
| 650 ## - SUBJECT ADDED ENTRY--TOPICAL TERM | |
| Topical term or geographic name as entry element | हिन्दी -- कहानी |
| 9 (RLIN) | 779 |
| 650 ## - SUBJECT ADDED ENTRY--TOPICAL TERM | |
| Topical term or geographic name as entry element | Hindi -- Literature |
| 9 (RLIN) | 57955 |
| 650 ## - SUBJECT ADDED ENTRY--TOPICAL TERM | |
| Topical term or geographic name as entry element | Hindi -- Story |
| 9 (RLIN) | 43117 |
| 942 ## - ADDED ENTRY ELEMENTS (KOHA) | |
| Source of classification or shelving scheme | Dewey Decimal Classification |
| Koha item type | Hindi Books |
| Classification part | क |
| Call number suffix | खानउ |
| Withdrawn status | Lost status | Damaged status | Not for loan | Home library | Current library | Date acquired | Source of acquisition | Cost, normal purchase price | Total Checkouts | Full call number | Barcode | Date last seen | Copy number | Cost, replacement price | Price effective from | Koha item type | Source of classification or shelving scheme | Collection code |
|---|---|---|---|---|---|---|---|---|---|---|---|---|---|---|---|---|---|---|
| Central Library | Central Library | 18/08/2015 | Cen Lib/Ret | 80.00 | क खानउ | A-716826 | 18/08/2015 | 1 | 80.00 | 18/08/2015 | Hindi Books | |||||||
| Shahdara Branch | Shahdara Branch | 08/03/2019 | BPPD/PUB | 80.00 | क खानउ | A-716853 | 08/03/2019 | 80.00 | 08/03/2019 | Hindi Books | Dewey Decimal Classification | Fiction |
